BIBLIOTECA PODER JUDICIAL
Portal Judicial TDF

La disminución de la pena en la tentativa / (Registro nro. 6435)

000 -LEADER
fixed length control field 01428nab a22002537a 4500
003 - CONTROL NUMBER IDENTIFIER
control field OSt
005 - DATE AND TIME OF LATEST TRANSACTION
control field 20260203101353.0
008 - FIXED-LENGTH DATA ELEMENTS--GENERAL INFORMATION
fixed length control field 190429b xxu||||| |||| 00| 0 spa d
040 ## - CATALOGING SOURCE
Transcribing agency PJ
100 ## - MAIN ENTRY--PERSONAL NAME
9 (RLIN) 7062
Personal name Palandri, José María
245 13 - TITLE STATEMENT
Title La disminución de la pena en la tentativa /
Statement of responsibility, etc José María Palandri, Julio E. Chiappini.
260 ## - PUBLICATION, DISTRIBUTION, ETC. (IMPRINT)
Date of publication, distribution, etc Ciudad Autónoma de Buenos Aires :
Place of publication, distribution, etc Thomson Reuters La Ley,
Name of publisher, distributor, etc 2023.
300 ## - PHYSICAL DESCRIPTION
Extent p. 43-52
500 ## - GENERAL NOTE
General note Cita Online: AR/DOC/2682/2023.
505 ## - FORMATTED CONTENTS NOTE
Formatted contents note Sumario: I. El art. 44 del Cód. Penal.— II. Reducción de la pena ya dosificada. Jofré y Soler.— III. Reducción de la escala penal. González Roura y jurisprudencia plenaria.— IV. La versión de Fontán Balestra.— V. Reducción de la escala penal. Variante Gómez y Núñez.— VI. La interpretación de Zaffaroni.— VII. Tabla comparativa de las distintas teorías.— VIII. Nuestra opinión.— IX. Mala redacción legal y derecho comparado.<br/><br/>
505 ## - FORMATTED CONTENTS NOTE
Title Si te interesa el texto completo, solicitalo a koha@justierradelfuego.gov.ar
650 #0 - SUBJECT ADDED ENTRY--TOPICAL TERM
9 (RLIN) 343
Topical term or geographic name as entry element DERECHO PENAL
650 #0 - SUBJECT ADDED ENTRY--TOPICAL TERM
9 (RLIN) 3136
Topical term or geographic name as entry element DELITOS
650 #0 - SUBJECT ADDED ENTRY--TOPICAL TERM
9 (RLIN) 7063
Topical term or geographic name as entry element ESCALA PENAL
650 #0 - SUBJECT ADDED ENTRY--TOPICAL TERM
9 (RLIN) 7064
Topical term or geographic name as entry element DISMINUCIÓN DE LA PENA
700 ## - ADDED ENTRY--PERSONAL NAME
9 (RLIN) 6423
Personal name Chiappini, Julio E.
773 0# - HOST ITEM ENTRY
Host Biblionumber 2658
Host Itemnumber 3164
Title Revista de derecho penal y criminología. Nº 11 - Diciembre 2023
Place, publisher, and date of publication Ciudad Autónoma de Buenos Aires : Thomson Reuters La Ley, 2017-
International Standard Serial Number 00347914
942 ## - ADDED ENTRY ELEMENTS (KOHA)
Source of classification or shelving scheme
Koha item type Analítica Artículo de Revista

No hay ítems disponibles.

12 de Octubre 789 Ushuaia - Tel:  54(02901)441571
Horario de Atención: 8.00 a 17.00 hs. 
bibliotecaush@justierradelfuego.gov.ar
koha@justierradelfuego.gov.ar
Seguinos en nuestras redes @bibliojustdf 

Con tecnología Koha